| 000 | 00738pam a2200229 a 4500 | ||
|---|---|---|---|
| 999 |
_c6946 _d6946 |
||
| 001 | 2454482 | ||
| 003 | GBCCL | ||
| 005 | 20241126110615.0 | ||
| 008 | 890913s1990 nyua 001 0 eng | ||
| 010 | _a 89036711 | ||
| 020 |
_a0895773457 : _c$23.97 |
||
| 040 |
_aDLC _cDLC _dDLC |
||
| 050 | 0 | 0 |
_aBF145 _b.A23 1990 |
| 082 | 0 | 0 |
_a150 _220 _bREA |
| 245 | 0 | 0 |
_aABC's of the human mind : _ba family answer book. |
| 260 |
_aPleasantville, N.Y. : _bReader's Digest Association, _cc1990. |
||
| 300 |
_a336 p. : _bill. (some col.) ; _c29 cm. |
||
| 650 | 0 |
_aPsychology _xMiscellanea. _912374 |
|
| 906 |
_a7 _bcbc _corignew _d1 _eocip _f19 _gy-gencatlg |
||
| 942 |
_2ddc _cREF |
||